Catalog

Record Details

Catalog Search



Kummer mit dem Alkohol : Begegnungen und Erfahrungen mit Alkoholkranken Cover Image Book Book

Kummer mit dem Alkohol : Begegnungen und Erfahrungen mit Alkoholkranken Tom Shipp

Shipp, Tom (Author).

Record details

  • ISBN: 3-920106-46-6
  • Physical Description: 131 S.
  • Publisher: Wuppertal Blaukreuz Verlag 1980

Available copies

  • 1 of 1 copy available at Common Catalog SPOK.

Holds

  • 0 current holds with 1 total copy.
Show Only Available Copies
Location Call Number / Copy Notes Barcode Shelving Location Status Due Date
ETS Library 362.292 424470008914 Volný výběr Available -

LDR 00705nam a2 00241
00138674
003CZ-PrJAB
00520040329000000.0
008010220s1980 xr e |||| |ger
009ge
020 . ‡a3-920106-46-6
035 . ‡a(CONS)5178
035 . ‡aKPS8164
040 . ‡aABG450
041 . ‡ager
08214. ‡a362.292
100 . ‡72561 ‡aShipp, Tom
245 . ‡aKummer mit dem Alkohol : ‡bBegegnungen und Erfahrungen mit Alkoholkranken ‡cTom Shipp
260 . ‡aWuppertal ‡bBlaukreuz Verlag ‡c1980
300 . ‡a131 S.
653 . ‡aKummer mit dem Alkohol ‡aBegegnungen und Erfahrungen mit Alkoholkranken
8524 . ‡bETS ‡bETS ‡cVolný výběr ‡j362.292 ‡gA ‡p424470008914
910 . ‡aABG450
999 . ‡a5178 ‡bAUTOGEN ‡c5178 ‡tbiblio
905 . ‡uadmin
901 . ‡a38674 ‡b ‡c38674 ‡tbiblio ‡sets

Additional Resources